SPECCHIO (LO) (Record no. 104656)

MARC details
000 -LEADER
fixed length control field 02199agaaa2200349 4500
001 - CONTROL NUMBER
control field 9143
003 - CONTROL NUMBER IDENTIFIER
control field IT-RoPAU
005 - DATE AND TIME OF LATEST TRANSACTION
control field 20220918181223.0
007 - PHYSICAL DESCRIPTION FIXED FIELD--GENERAL INFORMATION
fixed length control field d cvaizq
008 - FIXED-LENGTH DATA ELEMENTS--GENERAL INFORMATION
fixed length control field 50131s9999||||xx ||| | || ||und||
040 ## - CATALOGING SOURCE
Original cataloging agency IT-RoPAU
Transcribing agency IT-RoPAU
041 ## - LANGUAGE CODE
Language code of text/sound track or separate title ITALIANO
100 ## - MAIN ENTRY--PERSONAL NAME
Personal name Tarkovskij Andrej
Miscellaneous information Codice regista SPICS: 1652
9 (RLIN) 36943
130 ## - MAIN ENTRY--UNIFORM TITLE
Uniform title SPECCHIO (LO)
9 (RLIN) 36944
240 ## - UNIFORM TITLE
Uniform title ZERKALO
Miscellaneous information T2092
245 ## - TITLE STATEMENT
Title SPECCHIO (LO)
Statement of responsibility, etc. Prodotto da: Iv Gruppo Artistico -- Sceneggiatura: Misarin Aleksander Tarkovskij Andrej -- Diretto da: Tarkovskij Andrej
Name of part/section of a work SPECCHIO (LO) (Rif. Codice opera principale : 29143)
246 ## - VARYING FORM OF TITLE
Title proper/short title ZERKALO
250 ## - EDITION STATEMENT
Edition statement Edizione Standard
260 ## - PUBLICATION, DISTRIBUTION, ETC. (IMPRINT)
Place of publication, distribution, etc. URSS (U.R.S.S.)
Name of publisher, distributor, etc. MOSFILM / Distribuzione: RAI
Date of manufacture "1975 (1° ed.: 1985 ; Ed. Lingua Orig.: 1975)"
300 ## - PHYSICAL DESCRIPTION
Extent VHS
Other physical details sonoro, col.
Dimensions 105 minuti
508 ## - CREATION/PRODUCTION CREDITS NOTE
Creation/production credits note "Fotografia: Rerberg Georgij; Montaggio: Fejginova L.; Musica: Artemjev Eduard; Sceneggiatura: Misarin Aleksander Tarkovskij Andrej; Scenografia: Dvigubskij Nikolaj; Soggetto: Misarin Aleksander -- Tarkovskij Andrej"
511 ## - PARTICIPANT OR PERFORMER NOTE
Participant or performer note "Terechova Margarita; Demidova A.; Solonicyn A.; Grinko N.; Danilcev I.; Tarkovskaja "
520 ## - SUMMARY, ETC.
Summary, etc. "IL PROTAGONISTA E' UN UOMO SUI QUARANTA ANNI CHE SI SFORZA DI FARE UN BILANCIO DI TUTTA LA VITA PRECEDENTE CERCA CIOE' DI CAPIRE CHE COSA DI VALIDO C'E' STATO NELLA SUA ESISTENZA DUNQUE SULLO SCHERMO VANNO AVANTI DI PARI PASSO TRE STORIE LA PRIMA E' COSTITUITA DAI RICORDI DELL'INFANZIA LA SECONDA E' COMPOSTA DALLE CRONACHE DI AVVENIMENTI STORICI ""VISSUTI E COMPRESI"" SOTTOUNA ANGOLAZIONE PRETTAMENTE INDIVIDUALE LA TERZA E' FORMATA DA RAGIONAMENTI FILOSOFICI CHE SONO UN PO' LA SINTESI DI TUTTO IL DISCORSO FILM A COLORI EVOCAZIONE LIRICA"
538 ## - SYSTEM DETAILS NOTE
System details note PAL, STEREO
546 ## - LANGUAGE NOTE
Language note ITALIANO
650 ## - SUBJECT ADDED ENTRY--TOPICAL TERM
Topical term or geographic name as entry element EVOCAZIONE LIRI
Relator term FILMS [VHS]
General subdivision Codice MATERIA SPICS: 9960
9 (RLIN) 36945
700 ## - ADDED ENTRY--PERSONAL NAME
Personal name Artemjev Eduard
Relator term (musica)
Miscellaneous information Codice Musica SPICS: 22987
9 (RLIN) 36946
700 ## - ADDED ENTRY--PERSONAL NAME
Personal name Misarin Aleksander
Relator term (soggetto)
Miscellaneous information Codice Soggetto SPICS: 31597
9 (RLIN) 36947
700 ## - ADDED ENTRY--PERSONAL NAME
Personal name Tarkovskij Andrej
Relator term (regista)
Miscellaneous information Codice regista SPICS: 1652
9 (RLIN) 36948
700 ## - ADDED ENTRY--PERSONAL NAME
Personal name Tarkovskij Andrej
Relator term (soggetto)
Miscellaneous information Codice Soggetto 2° SPICS: 1652
9 (RLIN) 36949
942 ## - ADDED ENTRY ELEMENTS (KOHA)
Koha item type VHS - VIDEO
Source of classification or shelving scheme Dewey Decimal Classification
Holdings
Withdrawn status Lost status Damaged status Not for loan Home library Current library Date acquired Total Checkouts Full call number Date last seen Price effective from Koha item type Public note
    Buone Condizioni Not For Loan SPICS-MEDIATECA SPICS-MEDIATECA 31/01/2015   29143 31/01/2015 31/01/2015 VHS - VIDEO Progr. Ins.: 1849 / N.Vol.:1 / Copie: 1 / Pag.: / Copia rara: NO / date import: 1.2.2015 / By Epidotti, Trombetti, Vaglietti
CREDITS: SOCIETA' SAN PAOLO Via A.Severo, 58 - ROMA (RM) & PERIODICI SAN PAOLO SRL Via Giotto, 36 MILANO & CISF Via Giotto, 36 MILANO & EDIZIONI SAN PAOLO SRL,  Piazza Soncino, 5 CINISELLO BALSAMO (MI) -- ITALY